Statistics for Geography by Letter - D

Click here to take the quiz!

General Stats

  • This quiz has been taken 68,308 times
    (28,618 since last reset)
  • The average score is 15 of 20

Answer Stats

Hint Answer % Correct
Capital of IrelandDublin
99%
Language of the NetherlandsDutch
98%
German name for GermanyDeutschland
92%
Site of the world's tallest buildingDubai
92%
Most populous city in IndiaDelhi
91%
The first U.S. stateDelaware
88%
Hamlet's countryDenmark
86%
"The Motor City"Detroit
85%
Salty lake between Israel and JordanDead Sea
83%
River that passes by Vienna and BudapestDanube
83%
English Channel town with white cliffsDover
81%
Triangular shape at the mouth of some riversDelta
78%
Capital of DjiboutiDjibouti
75%
"The Mile-High City"Denver
71%
German city destroyed by firebombs in 1945Dresden
67%
Hindu festival of lightsDiwali
55%
Formerly known as Mount McKinleyDenali
50%
South Africa's third largest cityDurban
50%
Name for the Russian ParliamentDuma
36%
Capital city of BaliDenpasar
27%

Score Distribution

Percentile by Number Answered

Percent of People with Each Score

Your Score History

You have not taken this quiz since the last reset